|
|
|
|
| LEADER |
00000nam2a2200000 4500 |
| 001 |
331013 |
| 005 |
20231102004320.0 |
| 035 |
|
|
|a (RuTPU)RU\TPU\book\356801
|
| 035 |
|
|
|a RU\TPU\book\335350
|
| 090 |
|
|
|a 331013
|
| 100 |
|
|
|a 20170413d1981 k y0rusy5003 ca
|
| 101 |
0 |
|
|a rus
|
| 102 |
|
|
|a RU
|
| 105 |
|
|
|a a z 001zy
|
| 200 |
0 |
|
|a Вып. 1 (42)
|
| 210 |
|
|
|d 1981
|
| 215 |
|
|
|a 70 с.
|c граф.
|
| 320 |
|
|
|a Библиография в конце статей
|
| 461 |
|
1 |
|0 (RuTPU)RU\TPU\book\201461
|t Алгоритмы и программы
|f Академия наук СССР (АН СССР); Всесоюзный научно-исследовательский институт экономики минерального сырья и геологоразведочных работ (ВИЭМС); под ред. Д. А. Родионова
|v Вып. 1 (42)
|d 1977-1982
|
| 606 |
1 |
|
|a Геология
|x Применение ЭВМ
|2 stltpush
|3 (RuTPU)RU\TPU\subj\69768
|9 84458
|
| 610 |
1 |
|
|a геологические исследования
|
| 610 |
1 |
|
|a прикладные программы
|
| 610 |
1 |
|
|a математическое моделирование
|
| 610 |
1 |
|
|a функции случайных величин
|
| 610 |
1 |
|
|a распределение
|
| 610 |
1 |
|
|a оценка
|
| 610 |
1 |
|
|a метод Монте-Карло
|
| 610 |
1 |
|
|a морская геодезия
|
| 610 |
1 |
|
|a навигация
|
| 610 |
1 |
|
|a задачи
|
| 610 |
1 |
|
|a решение на вычислительных машинах
|
| 610 |
1 |
|
|a опытно-фильтрационные данные
|
| 610 |
1 |
|
|a машинная обработка
|
| 675 |
|
|
|a 55:681.3
|v 3
|
| 801 |
|
0 |
|a RU
|b RuMRKP
|c 19950704
|g psbo
|
| 801 |
|
1 |
|a RU
|b 63413507
|c 20151119
|
| 801 |
|
2 |
|a RU
|b 63413507
|c 20170421
|g RCR
|
| 942 |
|
|
|c BK
|